01000nam a2200241Ia 4500003000400000005001700004008004100021020001800062040001800080041000800098082002100106100003200127245014100159250001200300260003800312300002900350650004300379650004200422650007100464942003000535999001900565952017400584OSt20240429103019.0210716s2000 xx 000 0 und d a9780446508940 cAIMIT LIBRARY aeng a374.22 21bKIYR aKiyosaki, Robert T.9162439 aRich dads guide to investing: bwhat the rich invest in that the poor and middle class do not /cBy Robert T Kiyosaki, Sharon L Lechter. a1st ed. aNew York :bBusiness Plus ,c2000 axiv,513p. ;bPBc17.2 cm aPouring a foundation of wealth9162440 aWhat kind of world do you see9162441 aAre you planning to be rich or are you planning to be poor9162442 2ddccBKe1stk374.22 KIYR c205319d205319 00102ddc40708MBAaAIMITbAIMITd2010-05-03g350.00iBill no:25; Bill dt:2010-04-30l1o374.22 KIYRpMBA07885r2026-05-23 00:00:00s2024-10-30v252.00w2021-07-16yBK